Представление документа в формате MARC21

Поле Инд. ПП Название Значение
Тип записи a
Библиографический уровень m
001 _ Контрольный номер RU/ЭБС IPR BOOKS/49867
005 Дата корректировки 20250915131130.8
008 Кодируемые данные 211122s2016 RU y f j 000 1 rus u
020 a ISBN 2227-8397
040 c Служба, преобразующая запись ЭБС IPR BOOKS
041 a Код языка текста rus
044 a Код страны публикации RU
080 a Индекс УДК 796
084 2 Источник индекса rubbk
a Индекс другой классификации/Индекс ББК 75.1
100 1_ a Автор Быченков, С. В.
4 Код отношения 070
245 a Заглавие Физическая культура
b Продолж. заглавия учебник для студентов высших учебных заведений
c Ответственность С. В. Быченков, О. В. Везеницын
250 g Весь срок охраны авторского права
a Основные сведения об издании Физическая культура
256 a Характеристики компьютерного файла Электрон. дан. (1 файл)
260 a Место издания Саратов
b Издательство Вузовское образование
c Дата издания 2016
300 a Объем 270 с.
500 a Примечание Книга находится в премиум-версии ЭБС IPR BOOKS.
516 a Прим. о типе комп. файла/ данных Текст
520 a Аннотация Учебник содержит информацию, необходимую для изучения теоретической части программы учебной дисциплины «Физическая культура». Рассматриваются вопросы физической подготовки студентов, а также основы здорового образа жизни. Подготовлен в соответствии с требованиями Федерального государственного образовательного стандарта высшего образования. Учебник предназначен для студентов высших учебных заведений, преподавателей кафедры физического воспитания вуза.
521 a Примеч. о целев. назн. Весь срок охраны авторского права
538 a Прим. о системных особенностях электронный
653 a Ключевые слова физическая культура
653 a Ключевые слова физическое воспитание
653 a Ключевые слова физическая подготовка
653 a Ключевые слова специальная подготовка
653 a Ключевые слова спортивная подготовка
700 1_ a Другие авторы Везеницын, О. В.
4 Код отношения 070
856 4_ u URL http://www.iprbookshop.ru/49867.html
z Примечание для пользователя Участвует в КО